书目信息 |
| 题名: |
动手型展览
|
|
| 作者: | 考尔顿 著 ;高秋芳 , 唐丽娟 译 | |
| 分册: | ||
| 出版信息: | 北京 北京师范大学出版社 2019 |
|
| 页数: | 205页 | |
| 开本: | 23cm | |
| 丛书名: | 科学博物馆学丛书 | |
| 单 册: | ||
| 中图分类: | G265 | |
| 科图分类: | ||
| 主题词: | 博物馆--bo wu guan--陈列设计--世界 | |
| 电子资源: | ||
| ISBN: | 978-7-303-23544-5 | |
| 000 | 01628cam 2200349 450 | |
| 001 | 438804 | |
| 005 | 20140102130251.0 | |
| 010 | @a978-7-303-23544-5@dCNY58.00 | |
| 099 | @aCAL 012019083578 | |
| 100 | @a20190426d2019 em y0chiy50 ea | |
| 101 | 1 | @achi@ceng |
| 102 | @aCN@b110000 | |
| 105 | @ak z 001yy | |
| 106 | @ar | |
| 200 | 1 | @a动手型展览@Adong shou xing zhan lan@e管理互动博物馆与科学中心@f(英) 蒂姆·考尔顿著@d= Hands-on exhibitions@emanaging interactive museums and science centres@fTim Caulton@g高秋芳, 唐丽娟译@zeng |
| 210 | @a北京@c北京师范大学出版社@d2019 | |
| 215 | @a205页@d23cm | |
| 225 | 2 | @a科学博物馆学丛书@Ake xue bo wu guan xue cong shu@h第一辑 |
| 300 | @a“十三五”国家重点图书出版规划项目 | |
| 306 | @a由Taylor & Francis出版集团旗下Routlsdge出版公司授权出版本书限中国大陆发行 | |
| 320 | @a有索引 | |
| 330 | @a本书依托英国动手型博物馆与科学中心众多的一手研究和原始数据,结合大量其他二手资料,试图阐明:为了通过动手实现教育目的,动手型博物馆是如何建设与管理的。本书认为动手型博物馆与科学中心成功的关键在于展品的设计、评估、运营、市场、财务与人力资源管理等方方面面。 | |
| 410 | 0 | @12001 @a科学博物馆学丛书@h第一辑 |
| 500 | 10 | @aHands-on exhibitions : managing interactive museums and science centres@mChinese |
| 517 | 1 | @a管理互动博物馆与科学中心@Aguan li hu dong bo wu guan yu ke xue zhong xin |
| 606 | 0 | @a博物馆@Abo wu guan@x陈列设计@y世界 |
| 690 | @aG265@v5 | |
| 701 | 1 | @a考尔顿@Akao er dun@g(Caulton, Tim),@f1953-@4著 |
| 702 | 0 | @a高秋芳@Agao qiu fang@4译 |
| 702 | 0 | @a唐丽娟@Atang li juan@4译 |
| 801 | 0 | @aCN@b上海新华@c20191020 |
| 905 | @b1186502-5@dG265@e26@f4 | |
| 动手型展览:管理互动博物馆与科学中心/(英) 蒂姆·考尔顿著= Hands-on exhibitions:managing interactive museums and science centres/Tim Caulton/高秋芳, 唐丽娟译.-北京:北京师范大学出版社,2019 |
| 205页;23cm.-(科学博物馆学丛书.第一辑) |
| “十三五”国家重点图书出版规划项目 |
| ISBN 978-7-303-23544-5:CNY58.00 |
| 本书依托英国动手型博物馆与科学中心众多的一手研究和原始数据,结合大量其他二手资料,试图阐明:为了通过动手实现教育目的,动手型博物馆是如何建设与管理的。本书认为动手型博物馆与科学中心成功的关键在于展品的设计、评估、运营、市场、财务与人力资源管理等方方面面。 |
| ● |
| 相关链接 |
|
|
|
|
正题名:动手型展览
索取号:G265/26
 
预约/预借
| 序号 | 登录号 | 条形码 | 馆藏地/架位号 | 状态 | 备注 |
| 1 | 1186502 | 211865025 | 第一样本阅览室/ [索取号:G265/26] | 在馆 | |
| 2 | 1186503 | 211865034 | 第四借阅区/ [索取号:G265/26] | 在馆 | |
| 3 | 1186504 | 211865043 | 第四借阅区/ [索取号:G265/26] | 在馆 | |
| 4 | 1186505 | 211865052 | 第四借阅区/ [索取号:G265/26] | 在馆 |